000 01014nam a2200313Ia 4500
999 _c53534
_d53534
001 20580
003 GE_BSU
005 20210224125546.0
008 181216s2013||||ge |||||||||||||| ||geo||
020 _a9789939831114
040 _cGE_BSU
041 _ageo
080 _a373:087 I-53
245 _aI know, I Am Prepared, I Can /
_cA. Arnaudyan, T. Dilbaryan, S. Hovhannisyan, H. Khachatryan ; translation M. Mikayelian, E. Herosian.
264 _aYerevan :
_bRepublic of Armenia,
_c2013.
300 _a51 p. 26 cm.
541 _h26 ლ.
653 _aI know
653 _a I Am Prepared
653 _aI Can
700 _aArnaudyan, A.
_eBy
_910213
700 _a Dilbaryan, T.
_eBy
_910214
700 _aHovhannisyan,S.
_eBy
_910215
700 _a Khachatryan, H
_eBy
_910216
700 _aMikayelian M.
_etranslation
_910217
700 _aHerosian, E.
_etranslation
_910218
710 _aCrisis Management State Academy Ministry of Emergency Situations, Republic of Armenia
_910210
942 _cBK
_2udc